Catálogo
 En Linea

Leonardo de Vinci : (Registro nro. 6952)

Detalles MARC
000 -CABECERA
campo de control de longitud fija 00826cam a2200241 a 4500
001 - NÚMERO DE CONTROL
campo de control 000007171
005 - FECHA Y HORA DE LA ÚLTIMA TRANSACCIÓN
campo de control 20200929154103.0
008 - DATOS DE LONGITUD FIJA--INFORMACIÓN GENERAL
campo de control de longitud fija 831029r19531969mx 000 0 spa d
040 ## - FUENTE DE LA CATALOGACIÓN
Centro catalogador/agencia de origen DO-SdBNP
Centro/agencia transcriptor CarP
Centro/agencia modificador DLC
-- BNPHU
043 ## - CÓDIGO DE ÁREA GEOGRÁFICA
Código de área geográfica n-mx
082 ## - NÚMERO DE LA CLASIFICACIÓN DECIMAL DEWEY
Número de clasificación 927.45
Número de documento/Ítem D111M
049 ## - FONDOS LOCALES (OCLC)
Fondos de biblioteca BNGR
100 1# - ENTRADA PRINCIPAL--NOMBRE DE PERSONA
Nombre de persona Merejkovski, Demetrio,
Fechas asociadas al nombre 1865-1941.
9 (RLIN) 19914
240 00 - TÍTULO UNIFORME
Título uniforme Leonardo Da Vinci
Lenguaje de la obra Español
245 10 - MENCIÓN DE TÍTULO
Título Leonardo de Vinci :
Resto del título el romance de su vida /
Mención de responsabilidad, etc. Demetrio Merejkovski ; versión española de Carlos del Corral Casal.
250 ## - MENCIÓN DE EDICIÓN
Mención de edición 6ta impresión de la 1ra ed.
260 ## - PUBLICACIÓN, DISTRIBUCIÓN, ETC.
Lugar de publicación, distribución, etc. México :
Nombre del editor, distribuidor, etc. Diana ;,
Fecha de publicación, distribución, etc. 1953.
300 ## - DESCRIPCIÓN FÍSICA
Extensión 532 p. ;
Dimensiones 20 cm.
650 #4 - PUNTO DE ACCESO ADICIONAL DE MATERIA--TÉRMINO DE MATERIA
Término de materia o nombre geográfico como elemento de entrada Da vinci, leonardo,
Subdivisión cronológica 1452-1519
9 (RLIN) 19915
650 #4 - PUNTO DE ACCESO ADICIONAL DE MATERIA--TÉRMINO DE MATERIA
Término de materia o nombre geográfico como elemento de entrada Pintores
Subdivisión geográfica Italia
Subdivisión general Biografía
9 (RLIN) 19916
700 1# - PUNTO DE ACCESO ADICIONAL--NOMBRE DE PERSONA
Nombre de persona Corral Casal, Carlos del,
Término indicativo de función/relación tr.
9 (RLIN) 19917
910 ## - DATOS DE OPCIÓN DEL USUARIO (OCLC)
Datos de opción del usuario Catalogación derivada
Existencias
Estado de retiro Estado de pérdida Restricciones de uso No para préstamo Código de colección Localización permanente Ubicación/localización actual Ubicación en estantería Fecha de adquisición Número de inventario Total de préstamos Signatura topográfica completa Código de barras Fecha visto por última vez Número de copia Precio válido a partir de Tipo de ítem Koha
    Préstamo restringido Préstamo restrigido Monografías: Libros y Folletos General General En catalogación 05.09.2009 LF1   927.45 D111M 7171-10 25.06.2020 e. 1 25.06.2020 Préstamo interno

Con tecnología Koha